| 000 | 00634nam a22002177a 4500 | ||
|---|---|---|---|
| 003 | OSt | ||
| 005 | 20140310184524.0 | ||
| 008 | 131019t xxu||||| |||| 00| 0 eng d | ||
| 020 | _a0590429043 | ||
| 050 |
_aTL 540.W7 _b.So677 1961 |
||
| 100 |
_aSobol, Donald J. _930061 |
||
| 245 |
_aThe wright brothers at kitty halk / _cby Donald J. Sobol ; inside illustrations by Wayne Blickenstaff. |
||
| 260 |
_aNew York : _bScholastic Inc., _c1961. |
||
| 300 |
_a128 p. : _bill. ; _c20 cm. |
||
| 521 | _aG3 | ||
| 526 | _c570 | ||
| 650 |
_aWright brothers. _930346 |
||
| 942 |
_2lcc _cBK-SCHOLAS |
||
| 999 |
_c35085 _d35085 |
||